<?xml version="1.0" encoding="UTF-8"?>
<record
    xmlns:xsi="http://www.w3.org/2001/XMLSchema-instance"
    xsi:schemaLocation="http://www.loc.gov/MARC21/slim http://www.loc.gov/standards/marcxml/schema/MARC21slim.xsd"
    xmlns="http://www.loc.gov/MARC21/slim">

  <leader>00683na  a2200241   4500</leader>
  <controlfield tag="001">19700</controlfield>
  <controlfield tag="003">MIRAKIL</controlfield>
  <controlfield tag="005">20181213154836.0</controlfield>
  <controlfield tag="008">161226b        tu            000 0      </controlfield>
  <datafield tag="020" ind1=" " ind2=" ">
    <subfield code="a">9786051650074</subfield>
  </datafield>
  <datafield tag="040" ind1=" " ind2=" ">
    <subfield code="a">Milas</subfield>
    <subfield code="b">tur</subfield>
    <subfield code="c">TR-AnCHP</subfield>
  </datafield>
  <datafield tag="041" ind1=" " ind2=" ">
    <subfield code="a">tur</subfield>
  </datafield>
  <datafield tag="082" ind1=" " ind2=" ">
    <subfield code="a">346.0482</subfield>
    <subfield code="b">&#xD6;92 2014</subfield>
  </datafield>
  <datafield tag="090" ind1=" " ind2=" ">
    <subfield code="a">346.0482 &#xD6;92 2014</subfield>
  </datafield>
  <datafield tag="100" ind1=" " ind2=" ">
    <subfield code="a">&#xD6;zdemir, Mahmut N.</subfield>
  </datafield>
  <datafield tag="245" ind1=" " ind2=" ">
    <subfield code="a">Fikri m&#xFC;lkiyet haklar&#x131;n&#x131;n ticarile&#x15F;tirilmesi</subfield>
    <subfield code="c">Mahmut N. &#xD6;zdemir</subfield>
  </datafield>
  <datafield tag="260" ind1=" " ind2=" ">
    <subfield code="a">&#x130;stanbul</subfield>
    <subfield code="b">T&#xDC;S&#x130;AD</subfield>
    <subfield code="c">2014</subfield>
  </datafield>
  <datafield tag="300" ind1=" " ind2=" ">
    <subfield code="a">87 s.</subfield>
    <subfield code="b">tbl.</subfield>
    <subfield code="c">27 sm.</subfield>
  </datafield>
  <datafield tag="490" ind1=" " ind2=" ">
    <subfield code="a">Yay&#x131;n no : T&#xDC;S&#x130;AD-T/2014-10/558</subfield>
  </datafield>
  <datafield tag="650" ind1=" " ind2=" ">
    <subfield code="a">Fikri haklar</subfield>
    <subfield code="x">Ticaret</subfield>
  </datafield>
  <datafield tag="650" ind1=" " ind2=" ">
    <subfield code="a">Hukuk</subfield>
    <subfield code="x">Fikri m&#xFC;lkiyet</subfield>
  </datafield>
  <datafield tag="942" ind1=" " ind2=" ">
    <subfield code="2">ddc</subfield>
    <subfield code="c">BKS</subfield>
  </datafield>
  <datafield tag="952" ind1=" " ind2=" ">
    <subfield code="a">0001</subfield>
    <subfield code="b">0001</subfield>
    <subfield code="d">2016-12-26</subfield>
    <subfield code="e">2</subfield>
    <subfield code="l">0</subfield>
    <subfield code="o">346.0482 &#xD6;92 2014</subfield>
    <subfield code="p">010814</subfield>
    <subfield code="r">2016-12-26 00:00:00</subfield>
    <subfield code="v">0.00</subfield>
    <subfield code="w">2016-12-26</subfield>
    <subfield code="y">BKS</subfield>
  </datafield>
  <datafield tag="952" ind1=" " ind2=" ">
    <subfield code="a">0001</subfield>
    <subfield code="b">0001</subfield>
    <subfield code="d">2016-12-26</subfield>
    <subfield code="e">2</subfield>
    <subfield code="l">0</subfield>
    <subfield code="o">346.0482 &#xD6;92 2014</subfield>
    <subfield code="p">010815</subfield>
    <subfield code="r">2016-12-26 00:00:00</subfield>
    <subfield code="t">k.2</subfield>
    <subfield code="v">0.00</subfield>
    <subfield code="w">2016-12-26</subfield>
    <subfield code="y">BKS</subfield>
  </datafield>
  <datafield tag="999" ind1=" " ind2=" ">
    <subfield code="c">1852</subfield>
    <subfield code="d">1852</subfield>
  </datafield>
</record>
